Những bài mẫu trang trí hình vuông
vv
Đã lưu trong:
| Tác giả chính: | |
|---|---|
| Định dạng: | Sách |
| Năm xuất bản: |
H.
Giáo dục
2001
|
| Phiên bản: | Tái bản lần 2 |
| Chủ đề: | |
| Tags: |
Thêm thẻ
Không có thẻ, Hãy là người đầu tiên gắn thẻ bản ghi này!
|
| LEADER | 02164nam a2200277 4500 | ||
|---|---|---|---|
| 082 | |a 745 |b NG450T | ||
| 100 | |a Ngô Túy Phượng | ||
| 245 | |a Những bài mẫu trang trí hình vuông |c Ngô Túy Phượng, Trần Hữu Tri, Nguyễn Thu Yên | ||
| 250 | |a Tái bản lần 2 | ||
| 260 | |a H. |b Giáo dục |c 2001 | ||
| 300 | |a 80tr. |c 24cm | ||
| 520 | |a vv | ||
| 653 | |a Nghệ thuật | ||
| 653 | |a Trang trí thực hành | ||
| 653 | |a Hình vuông | ||
| 942 | |2 ddc |c STK0 | ||
| 999 | |c 2179 |d 2179 | ||
| 952 | |0 0 |1 0 |2 ddc |4 0 |6 745_000000000000000_NG450T |7 1 |8 700 |9 30318 |a qbu |b qbu |c D5 |d 2014-12-12 |g 22000 |o 745 NG450T |p 4706.C1 |r 0000-00-00 |w 2014-12-12 |y STK0 |0 0 |6 745_000000000000000_NG450T | ||
| 952 | |0 0 |1 0 |2 ddc |4 0 |6 745_000000000000000_NG450T |7 0 |8 700 |9 30319 |a qbu |b qbu |c D5 |d 2014-12-12 |g 22000 |o 745 NG450T |p 4706.C2 |r 0000-00-00 |w 2014-12-12 |y STK0 |0 0 |6 745_000000000000000_NG450T | ||
| 952 | |0 0 |1 0 |2 ddc |4 0 |6 745_000000000000000_NG450T |7 0 |8 700 |9 30320 |a qbu |b qbu |c D5 |d 2014-12-12 |g 22000 |o 745 NG450T |p 4706.C3 |r 0000-00-00 |w 2014-12-12 |y STK0 |0 0 |6 745_000000000000000_NG450T | ||
| 952 | |0 0 |1 0 |2 ddc |4 0 |6 745_000000000000000_NG450T |7 0 |8 700 |9 30321 |a qbu |b qbu |c D5 |d 2014-12-12 |g 22000 |o 745 NG450T |p 4706.C4 |r 0000-00-00 |w 2014-12-12 |y STK0 |0 0 |6 745_000000000000000_NG450T | ||
| 952 | |0 0 |1 0 |2 ddc |4 0 |6 745_000000000000000_NG450T |7 0 |8 700 |9 30322 |a qbu |b qbu |c D5 |d 2014-12-12 |g 22000 |o 745 NG450T |p 4706.C5 |r 0000-00-00 |w 2014-12-12 |y STK0 |0 0 |6 745_000000000000000_NG450T | ||
| 952 | |0 0 |1 0 |2 ddc |4 0 |6 745_000000000000000_NG450T |7 0 |8 700 |9 30323 |a qbu |b qbu |c D5 |d 2014-12-12 |g 22000 |o 745 NG450T |p 4706.C6 |r 0000-00-00 |w 2014-12-12 |y STK0 |0 0 |6 745_000000000000000_NG450T | ||
| 952 | |0 0 |1 0 |2 ddc |4 0 |6 745_000000000000000_NG450T |7 0 |8 700 |9 30324 |a qbu |b qbu |c D5 |d 2014-12-12 |g 22000 |o 745 NG450T |p 4706.C7 |r 0000-00-00 |w 2014-12-12 |y STK0 |0 0 |6 745_000000000000000_NG450T | ||
| 952 | |0 0 |1 0 |2 ddc |4 0 |6 745_000000000000000_NG450T |7 0 |8 700 |9 30325 |a qbu |b qbu |c D5 |d 2014-12-12 |g 22000 |o 745 NG450T |p 4706.C8 |r 0000-00-00 |w 2014-12-12 |y STK0 |0 0 |6 745_000000000000000_NG450T | ||
| 952 | |0 0 |1 0 |2 ddc |4 0 |6 745_000000000000000_NG450T |7 0 |8 700 |9 30326 |a qbu |b qbu |c D5 |d 2014-12-12 |g 22000 |o 745 NG450T |p 4706.C9 |r 0000-00-00 |w 2014-12-12 |y STK0 |0 0 |6 745_000000000000000_NG450T | ||